000 02388cam a22004454i 4500
003 PE-LiUPU
005 20250731183359.0
008 170601s2016 sp r 000 0 spa d
020 _a8491043829
020 _a9788491043829
035 _a(Sirsi) a204195
040 _aPE-LiUPU
_bspa
_cPE-LiUPU
_erda
041 1 _aspa
_heng
049 _aPRUA
082 0 4 _a791.43
_bC51
_220
100 1 _aChabrol, Claude,
_eautor.
245 1 0 _aCómo se hace una película /
_cClaude Chabrol.
250 _aSegunda edición.
264 1 _aMadrid :
_bAlianza,
_c2016.
300 _a85 páginas ;
_c18 centímetros.
336 _atext
_2rdacontent
337 _aunmediated
_2rdamedia
338 _avolume
_2rdacarrier
490 0 _aCine ;
_v9
505 0 _aPreámbulo -- ¿Por qué hacer una película? -- Existen dos clases de cineastas -- La noción de puestas en escena -- De la idea a la sinopsis -- Un guión obedece a reglas precisas -- Reflexión o sensación -- El guión es un edificio -- ¿Idea original o adaptación? -- Loa actores (1) -- El productor -- Para realizar mejores películas -- El problema del tiempo de rodaje -- Los actores (2) -- Los actores (3) -- Los actores (4) -- El rodaje -- La puesta de escena -- Los técnicos -- Cámara y director de fotografía -- El montaje -- La script -- El ayudante de dirección -- Los eléctricos y los maquinistas -- El atrezzista -- Los decorados -- El vestuario -- El sonido -- La utilización del combo -- El laboratorio -- La música -- Las mezclas -- La explotación -- La recepción del film -- A modo de conclusión.
526 _aP158
526 _aP146
526 _aP17
526 _aP12
526 _aP06
534 _pTítulo original :
_tComment faire un film.
541 _g001-00373;
650 0 4 _aPelícula.
910 _ajck
_bncf
_cncf
_d20170601
942 _2ddc
_cBOOK
949 _a791.43 C51
_wDEWEY
_c1
_i76110
_lCCODEBUL1
_mBUL
_p19.87
_r0
_sY
_tBOOK
_u2017-06-01
_xIEDUCACION
_PP07
_0COMPRA
_o.STAFF. Colección Ciencias Humanas y Educación
994 _aC0
_bPEPRU
596 _a1
999 _a791.43 C51
_wDEWEY
_c20569
_i76110
_d20569
_e2017-10-3
_f2021-11-8
_g4
_lCCODEBUL1
_mBUL
_n1
_p19.87
_q2
_r0
_sY
_tBOOK
_u2017-6-1
_xEDUCACION
_PP07
_0COMPRA
_o.STAFF. Colección Ciencias Humanas y Educación
980 _81
_gALBERTO SANCHEZ Responsable de Automatización